000 00680nam a2200229 4500
003 OSt
005 20260530115318.0
008 260508b1965 it ||||| |||| 00| 0 ita d
040 _aICI
_bspa
_cICI
_erda
050 0 0 _aTS171
_bT43 1965
100 1 _aTedeschi, Paolo.
_eautor
245 1 0 _aDisegno industriale /
_cPaolo Tedeschi.
264 1 _aMilano :
_bEdizioni di Comunità,
_c1965.
300 _a221 páginas :
_b ilustraciones ;
336 _2rdacontent
_atexto
337 _2rdamedia
_asin medio
338 _2rdacarrier
_avolumen
500 _aTexto en italiano.
650 4 _aDiseño industrial.
_915218
650 4 _aDiseño industrial
_zItalia.
942 _2lcc
_n1
_cBK
999 _c13689
_d13689